Nghiên cứu thiết kế và chế tạo thử nghiệm robot vệ sinh hành lang công sở : Luận văn thạc sĩ. Chuyên ngành Kỹ thuật điều khiển và tự động hóa
Nghiên cứu thiết kế và chế tạo thử nghiệm robot vệ sinh hành lang công sở, nhằm đem lại hiệu quả làm sạch cao nhất ứng dụng vào lĩnh vực vệ sinh công nghiệp
Đã lưu trong:
| Hovedforfatter: | |
|---|---|
| Format: | Bog |
| Sprog: | Undetermined |
| Udgivet: |
Cần Thơ
Trường Đại học Cần Thơ
2016
|
| Fag: | |
| Tags: |
Tilføj Tag
Ingen Tags, Vær først til at tagge denne postø!
|
| Thư viện lưu trữ: | Trung tâm Học liệu Trường Đại học Cần Thơ |
|---|
| LEADER | 01183nam a2200229Ia 4500 | ||
|---|---|---|---|
| 001 | CTU_212067 | ||
| 008 | 210402s9999 xx 000 0 und d | ||
| 082 | |a 629.892 | ||
| 082 | |b H105 | ||
| 088 | |a 60520216 | ||
| 100 | |a Lâm, Hồ Ngọc Hãn | ||
| 245 | 0 | |a Nghiên cứu thiết kế và chế tạo thử nghiệm robot vệ sinh hành lang công sở : | |
| 245 | 0 | |b Luận văn thạc sĩ. Chuyên ngành Kỹ thuật điều khiển và tự động hóa | |
| 245 | 0 | |c Lâm Hồ Ngọc Hãn ; Nguyễn Chí Ngôn (Cán bộ hướng dẫn) | |
| 260 | |a Cần Thơ | ||
| 260 | |b Trường Đại học Cần Thơ | ||
| 260 | |c 2016 | ||
| 520 | |a Nghiên cứu thiết kế và chế tạo thử nghiệm robot vệ sinh hành lang công sở, nhằm đem lại hiệu quả làm sạch cao nhất ứng dụng vào lĩnh vực vệ sinh công nghiệp | ||
| 650 | |a Robots,Robot,Robots,Robots | ||
| 650 | |x Control systems,Hệ thống kiểm soát,Fiction,Chức năng | ||
| 904 | |i Nguyên | ||
| 980 | |a Trung tâm Học liệu Trường Đại học Cần Thơ | ||